000 00418nmm a2200157Ia 4500
008 251105s9999||||xx |||||||||||||||||und||
041 _aspa
100 _aRose, Emilie
245 0 _aPapá por sorpresa
264 _a[Madrid, España] :
_bHarlequin,
_c2012
300 _a160 páginas
490 _a'El castillo wolff'
650 _aRomance
856 _uhttps://public.digitaliapublishing.com/a/50298
942 _cCF
999 _c99126
_d99126